00485 a2200121 4500100002800000245010600028300004100134650002100175773005500196942000700251952008800258999001700346 aNGNENBE, Timothy925213 aNPP presidential balloting postponed. Meeting between party officials, aspirants ends inconclusively  aThursday, September 7, 2023 Pages 17 aPolitics 9265270 x0855-1529dAccra Daily Graphic 2023tDaily Graphic cPR 001040718PRaPLbPLcTFWWd2023-09-14l0r2023-09-14 00:00:00t1w2023-09-14yPR c45919d45919